[Event "I Festival Torre delle Stelle A"]
[Site "Sinnai ITA"]
[Date "2011.06.26"]
[Round "7"]
[White "Manca, Luca"]
[Black "Paulesu, Sebastiano"]
[Result "0-1"]
[WhiteElo "1995"]
[BlackElo "1926"]
[PlyCount "136"]
[EventDate "2011.06.22"]

1. e4 d5 2. exd5 Nf6 3. d4 Bg4 4. Nf3 Qxd5 5. Be2 e6 6. c3 Nc6 7. Bf4 O-O-O 8.
Na3 Qe4 9. Qd2 Bxf3 10. gxf3 Qd5 11. Nc4 Nd7 12. Ne3 Qa5 13. O-O Qh5 14. Bg3 g5
15. b4 f5 16. f4 Qg6 17. Ng2 g4 18. a4 Nf6 19. Bc4 Ne4 20. Qa2 Rd6 21. Rac1 Ne7
22. Rfe1 Nd5 23. b5 Bg7 24. Bxd5 exd5 25. Red1 Rhd8 26. a5 Qf7 27. Ne3 Qe6 28.
b6 axb6 29. axb6 Rxb6 30. c4 Ra6 31. cxd5 Qb6 32. Qc4 Nd6 33. Qd3 Rf8 34. Rc5
Qb2 35. Nc4 Qb4 36. Rb1 Qa4 37. Nxd6+ Rxd6 38. Qc3 Rf7 39. Rc1 Qd7 40. Ra1 Ra6
41. Bh4 Qd6 42. Rxa6 bxa6 43. Qc4 Qb6 44. Kg2 Rd7 45. Rc6 Qb7 46. Kg3 Qb5 47.
Qxb5 axb5 48. Rc5 b4 49. Rb5 b3 50. Rxb3 Rxd5 51. f3 h5 52. fxg4 hxg4 53. h3
gxh3 54. Kxh3 Rxd4 55. Bg5 Bf8 56. Kh4 Bd6 57. Rf3 Kd7 58. Kh5 Re4 59. Bh6 Ke6
60. Kg5 c5 61. Bg7 c4 62. Bc3 Bc5 63. Rh3 Be7+ 64. Kg6 Rxf4 65. Rg3 Rg4+ 66.
Rxg4 fxg4 67. Kh5 g3 68. Bd4 g2 0-1

[Event "I Festival Torre delle Stelle A"]
[Site "Sinnai ITA"]
[Date "2011.06.26"]
[Round "7"]
[White "Puzzoni, Christian"]
[Black "Mameli, Gianluca"]
[Result "0-1"]
[WhiteElo "2089"]
[BlackElo "1945"]
[PlyCount "82"]
[EventDate "2011.06.22"]

1. e4 e6 2. Nf3 d5 3. e5 c5 4. b4 c4 5. a3 Bd7 6. d4 a5 7. bxa5 Qxa5+ 8. Bd2
Qb6 9. Be2 Nc6 10. Bc3 Nh6 11. O-O Be7 12. h3 O-O 13. g4 Ra6 14. Kh1 Kh8 15.
Bd2 Ng8 16. g5 Rfa8 17. Bc1 Na7 18. Qd2 Nb5 19. Qe3 Qa7 20. g6 fxg6 21. Rg1
Nxa3 22. Nxa3 Bxa3 23. Nh4 Bxc1 24. Raxc1 Be8 25. Bg4 Nh6 26. Qf4 b5 27. Qf8+
Ng8 28. Nf3 Qe7 29. Qf4 Nh6 30. Ng5 Bd7 31. Qe3 Ra3 32. c3 b4 33. h4 b3 34. Rb1
Ra2 35. h5 gxh5 36. Bxh5 Be8 37. Bg4 Bg6 38. Bxe6 Bxb1 39. Bxd5 Rf8 40. Rxb1
Ng4 41. Qc1 Rc2 0-1

[Event "I Festival Torre delle Stelle A"]
[Site "Sinnai ITA"]
[Date "2011.06.26"]
[Round "7"]
[White "Sollai, Matteo"]
[Black "Deruda, Leonardo"]
[Result "1/2-1/2"]
[WhiteElo "1805"]
[BlackElo "1930"]
[PlyCount "97"]
[EventDate "2011.06.22"]

1. e4 c5 2. b4 cxb4 3. a3 bxa3 4. Nxa3 d6 5. d4 Nc6 6. Nf3 Nf6 7. Bd3 g6 8. O-O
Bg7 9. h3 O-O 10. c3 a6 11. Bg5 h6 12. Be3 Qc7 13. Qd2 Kh7 14. Nh4 e5 15. f4
exf4 16. Bxf4 Nh5 17. Be3 b5 18. Nxb5 Qe7 19. Qf2 Bxh3 20. gxh3 axb5 21. Rxa8
Rxa8 22. Nf5 Qf6 23. Nxg7 Qxf2+ 24. Bxf2 Nf4 25. Bxb5 Na7 26. Bd7 Rd8 27. Bg4
Kxg7 28. Bh4 g5 29. Rxf4 gxh4 30. Bh5 f6 31. e5 dxe5 32. dxe5 Rf8 33. e6 Nc8
34. Rc4 f5 35. Rc7+ Kf6 36. Rf7+ Rxf7 37. exf7 Ke7 38. Kf2 Nd6 39. Ke3 Nxf7 40.
Bxf7 Kxf7 41. Kf4 Kf6 42. c4 Ke6 43. c5 Kd5 44. Kxf5 Kxc5 45. Kg4 Kd6 46. Kxh4
Ke6 47. Kh5 Kf7 48. Kxh6 Kg8 49. h4 1/2-1/2

[Event "I Festival Torre delle Stelle A"]
[Site "Sinnai ITA"]
[Date "2011.06.26"]
[Round "7"]
[White "Zuccarelli, Angelo"]
[Black "Locci, Damiano"]
[Result "1/2-1/2"]
[WhiteElo "1897"]
[BlackElo "2167"]
[PlyCount "82"]
[EventDate "2011.06.22"]

1. e4 e6 2. d4 d5 3. Nd2 Nf6 4. e5 Nfd7 5. Bd3 c5 6. c3 Nc6 7. Ndf3 Be7 8. Nh3
cxd4 9. cxd4 Qb6 10. Bb1 Bb4+ 11. Kf1 Qc7 12. Nf4 Be7 13. g3 b6 14. Kg2 Bb7 15.
Bd2 O-O-O 16. Nd3 f6 17. Bf4 fxe5 18. Ndxe5 Ndxe5 19. Nxe5 Nxe5 20. Bxe5 Bd6
21. Re1 Kb8 22. Bd3 Rhf8 23. Rc1 Qf7 24. Rc2 Bxe5 25. Rxe5 Rc8 26. Qe2 Rxc2 27.
Bxc2 Ba6 28. Qe3 Qc7 29. Bb3 Bc8 30. Bd1 Qc4 31. Bb3 Qb5 32. Qe2 Qb4 33. Qe3 a5
34. Qc3 Qd6 35. Qd3 g6 36. Qd2 Rf7 37. Re3 Ba6 38. Bd1 Qd7 39. Bg4 Rf6 40. Qe1
Bc8 41. Rc3 Rf7 1/2-1/2